The Waite Group's Turbo Pascal how-to 6.0 : (Record no. 180474)
[ view plain ]
| 000 -LEADER | |
|---|---|
| fixed length control field | 01152 a2200241 4500 |
| 003 - CONTROL NUMBER IDENTIFIER | |
| control field | NUST |
| 005 - DATE AND TIME OF LATEST TRANSACTION | |
| control field | 20230531134855.0 |
| 010 ## - LIBRARY OF CONGRESS CONTROL NUMBER | |
| LC control number | 91028267 |
| 020 ## - INTERNATIONAL STANDARD BOOK NUMBER | |
| International Standard Book Number | 8185623236 |
| 040 ## - CATALOGING SOURCE | |
| Transcribing agency | Nust |
| 082 00 - DEWEY DECIMAL CLASSIFICATION NUMBER | |
| Classification number | 005.362,SYC |
| 100 1# - MAIN ENTRY--PERSONAL NAME | |
| Personal name | Syck, Gary. |
| 9 (RLIN) | 112923 |
| 245 14 - TITLE STATEMENT | |
| Title | The Waite Group's Turbo Pascal how-to 6.0 : |
| Remainder of title | the definitive object-oriented problem-solver / |
| Statement of responsibility, etc. | Gary Syck. |
| 250 ## - EDITION STATEMENT | |
| Edition statement | 1st ed. |
| 260 ## - PUBLICATION, DISTRIBUTION, ETC. | |
| Place of publication, distribution, etc. | Mill Valley, CA : |
| Name of publisher, distributor, etc. | Waite Group Press, |
| Date of publication, distribution, etc. | c1991. |
| 300 ## - PHYSICAL DESCRIPTION | |
| Extent | xiv, 474 p. : |
| Other physical details | ill. ; |
| Dimensions | 23 cm. |
| 505 ## - FORMATTED CONTENTS NOTE | |
| Formatted contents note | Interacting with the User (Page-1), Files and Devices (Page-79), Mathematical Operations (Page-149), Strings Manipulation (Page-195), System Programming with Turbo Pascal (Page-231), Object Oriented Programming (Page-269), Graphics (Page-313), Turbo Pascal Routines From Computers Science (Page-355), Utility Program and Units (Page-391), Using Turbo Vision and Turbo Pascal for Microsoft Windows (Page-435). |
| 650 #0 - SUBJECT ADDED ENTRY--TOPICAL TERM | |
| Topical term or geographic name entry element | Object-oriented programming (Computer science) |
| 650 #0 - SUBJECT ADDED ENTRY--TOPICAL TERM | |
| Topical term or geographic name entry element | Pascal (Computer program language) |
| 9 (RLIN) | 14014 |
| 710 2# - ADDED ENTRY--CORPORATE NAME | |
| Corporate name or jurisdiction name as entry element | Waite Group. |
| 9 (RLIN) | 14012 |
| 740 0# - ADDED ENTRY--UNCONTROLLED RELATED/ANALYTICAL TITLE | |
| Uncontrolled related/analytical title | Turbo Pascal how-to. |
| 942 ## - ADDED ENTRY ELEMENTS (KOHA) | |
| Source of classification or shelving scheme | |
| Koha item type | Book |
| Call number prefix | 005.362,SYC |
| Withdrawn status | Lost status | Source of classification or shelving scheme | Damaged status | Not for loan | Permanent Location | Current Location | Shelving location | Date acquired | Full call number | Barcode | Date last seen | Price effective from | Koha item type | Public note |
|---|---|---|---|---|---|---|---|---|---|---|---|---|---|---|
| Military College of Signals (MCS) | Military College of Signals (MCS) | General Stacks | 12/12/2016 | 005.362,SYC | MCS296 | 12/08/2016 | 12/12/2016 | Book | Almirah No.80, Shelf No.5 |
